Kviz o Ličko-senjskoj županiji - Statistics

General Stats
  • This quiz has been taken 3 times
  • The average score is 14 of 25
Answer Stats
Hint Answer % Correct
Osnivač Stranke prava i ključni ideolog hrvatskog nacionalizma Ante Starčević
100%
Potpukovnica JNA u Drugom svjetskom ratu i Titova posljednja supruga Jovanka Broz
100%
Inženjer, futurist i izumitelj; doprinio sustavu izmjenične struje Nikola Tesla
100%
Pitoreskno selo s minijaturnim slapovima i mlinovima Rastoke
100%
Zakonom zaštićena velika šumska životinja; simbol Like Smeđi medvjed
100%
Planina i park prirode; jedan od hrvatskih nacionalnih simbola Velebit
100%
Bitka iz 1493. gdje su Hrvati predvođeni Emerikom Derenčinom pretrpjeli težak poraz od Osmanlija Bitka na {Krbavskom} polju
67%
Zloglasni zapovjednik ustaške Crne legije Jure Francetić
67%
Najdublja jama u Hrvatskoj {Lukina} jama
67%
Ustaški propagandist, ministar i romanopisac (Ognjište) Mile Budak
67%
Znamenita skupina 16 tirkiznih jezera Plitvička jezera
67%
Nacionalni park s bukovim prašumama zaštićenim od UNESCO-a Sjeverni Velebit
67%
Najrjeđa biljka u Hrvatskoj; hrvatski nacionalni simbol velebitska {degenija}
67%
Pleme slavenskog ili avarskog podrijetla koje je živilo oko današnje Gacke Guduščani
33%
Predrimski ilirski narod Japodi
33%
Svećenik koji je u Lici dignuo ustanak protiv Osmanlija 1689. Marko Mesić
33%
Narodni heroj SFRJ te komunistički borac u dva svjetska rata i Španjolskom građanskom; nadimak Krntija Marko Orešković
33%
Modernistički književnik (Bijeg) Milutin Cihlar Nehajev
33%
Ekspresionistički slikar iz Minhenskog kruga (Autoportret sa psom) Miroslav Kraljević
33%
Plemić, vojskovođa i diplomat; vojskom od oko 700 ljudi obranio Kiseg od 100 000 Osmanlija 1532. Nikola Jurišić
33%
Barun, časnik, povjesničar, jezikoslovac, tiskar i nacionalistički teoretičar (Croatia rediviva) Pavao Ritter Vitezović
33%
Ustaški pokušaj rušenja Kraljevine Jugoslavije 1932. {Velebitski} ustanak
33%
Glazbeni pedagog i naturalistički književnik (Posljednji Stipančići) Vjenceslav Novak
33%
Jugoslavenski tajni podzemni aerodrom Željava
33%
Najstarija hrvatska tiskara; otisnula Misal po zakonu rimskoga dvora (1483.) {Kosinjska} tiskara
0%
No matching quizzes found
Score Distribution
Percent of People with Each Score
Percentile by Number Answered
Your Score History
You have not taken this quiz